Statistiken für Kleinste Bezirke Österreichs

Klicken Sie hier um das Quiz zu spielen!

Allgemein

  • Dieses Quiz wurde 44 mal gespielt
  • Das Durchschnittsergebnis liegt bei 15 aus 17

Antwortstatistiken

FlächeEinwohnerBundeslandFläche (%)Einwohner (%)Antwort% Korrekt
96 km²205.700Oberösterreich0.80%13.88%Linz
100%
43 km²14.600Burgenland1.09%4.98%Eisenstadt
97%
52 km²24.900Niederösterreich0.27%1.48%Krems an der Donau
97%
66 km²154.200Salzburg0.92%27.77%Salzburg
97%
27 km²38.200Oberösterreich0.23%2.58%Steyr
97%
105 km²132.100Tirol0.83%17.50%Innsbruck
93%
46 km²61.700Oberösterreich0.38%4.16%Wels
93%
108 km²55.000Niederösterreich0.56%3.28%St. Pölten
90%
253 km²17.100Burgenland6.39%5.83%Jennersdorf
83%
20 km²1.940Burgenland0.50%0.66%Rust
83%
669 km²25.900Niederösterreich3.49%1.54%Waidhofen an der Thaya
83%
131 km²11.300Niederösterreich0.68%0.67%Waidhofen an der Ybbs
83%
61 km²45.300Niederösterreich0.23%2.70%Wiener Neustadt
83%
485 km²25.800Burgenland12.24%8.79%Güssing
79%
809 km²18.200Kärnten8.48%3.24%Hermagor
76%
1.020 km²20.300Salzburg14.26%3.66%Tamsweg
76%
932 km²25.800Niederösterreich4.86%1.54%Lilienfeld
69%

Verteilung der Resultate

Perzentil nach korrekt beantworteten Fragen

Anzahl Personen mit jedem Resultat

Ihre Resultats-Entwicklung

Sie haben dieses Quiz noch nicht gespielt